Historia de la gubernamentalidad II Filosofa̕, cristianismo y sexualidad en Michel Foucault /

Detalles Bibliográficos
Autor principal: Castro-Gm̤ez, Santiago
Formato: eBook
Lenguaje:español
Publicado: Bogot:̀ Siglo del Hombre Editores, 2016
Materias:
Acceso en línea:Acceso restringido

MARC

LEADER 00000nam a22000007a 4500
005 20210430222858.0
007 cr|||| ||||
008 210430s2016 co |||||s|||| 00||0 spa d
020 |a 978-958-665-417-3 
035 |a 33222 
040 |a vLex 
090 |c 11585  |d 11585 
100 1 |a Castro-Gm̤ez, Santiago 
245 1 0 |a Historia de la gubernamentalidad II  |h [Recurso electrn̤ico] :  |b Filosofa̕, cristianismo y sexualidad en Michel Foucault /  |c Santiago Castro-Gm̤ez 
256 |a Servicio en ln̕ea 
260 |a Bogot:̀  |b Siglo del Hombre Editores,  |c 2016 
300 |a 1 recurso electrn̤ico 
500 |a El libro completa el proyecto iniciado en el volumen anterior, que estaba orientado hacia el estudio de las tecnologa̕s polt̕icas en el pensamiento tardo̕ del fils̤ofo francš Michel Foucaut; estudia en detalle el problema de las -artes de la existencia- en el mundo griego, romano y cristiano, al que Foucault dedic ̤sus cinco l︢timos cursos en el Collg̈e de France, y examina las consecuencias del abandono del -modelo bľico- de anl̀isis para comprender las luchas polt̕icas contra el neoliberalismo contemporǹeo. Segn︢ Foucault, estas luchas debera̕n dirigirse exclusivamente hacia el m̀bito de la subjetividad, l︢tima trinchera de resistencia frente a la -gubernamentalizacin̤-. 
506 1 |a Disponible solo en los productos indicados  |d vLex Global  |d vLex Global (Academic Edition, excluding Law Schools)  |d vLex Global (U.S. Academic Edition, Law Schools)  |d vLex Global (U.S. Academic Edition, excluding Law Schools)  |d vLex Global (Academic Edition, Law Schools) 
650 0 4 |a Filosofa̕ y religin̤  |z Colombia 
740 0 |a vLex Libros (Servicio en ln̕ea) 
856 4 0 |u https://vlex.com/source/historia-de-la-gubernamentalidad-ii-filosofia-cristianismo-y-sexualidad-en-michel-foucault-33222  |z Acceso restringido 
942 |c BOOK 
999 0 |a Philosophy and religion